|
|
|
|
| LEADER |
01390nam a2200337 a 4500 |
| 001 |
17569 |
| 003 |
BD-DhAAL |
| 005 |
20140413145934.0 |
| 008 |
140413s1992 nyu b 001 0 eng |
| 010 |
|
|
|a 92012604
|
| 020 |
|
|
|a 0231080735
|
| 020 |
|
|
|a 0231080727
|
| 040 |
|
|
|a DLC
|c DLC
|d DLC
|d BD-DhAAL
|
| 050 |
0 |
0 |
|a HQ1190
|b .M63 1992
|
| 082 |
0 |
0 |
|a 305.42/01
|2 20
|
| 999 |
|
|
|c 14282
|d 14282
|
| 999 |
|
|
|c 14282
|
| 999 |
|
|
|c 14282
|
| 245 |
0 |
0 |
|a Modern feminisms :
|b political, literary, cultural /
|c edited and introduced by Maggie Humm.
|
| 260 |
|
|
|a New York :
|b Columbia University Press,
|c c1992.
|
| 300 |
|
|
|a xx, 420 p. ;
|c 24 cm.
|
| 490 |
|
|
|a Gender and culture
|
| 504 |
|
|
|a Includes bibliographical references and index.
|
| 541 |
|
|
|e 17569
|
| 650 |
|
0 |
|a Feminist theory.
|9 4246
|
| 650 |
|
0 |
|a Feminism
|z United States.
|9 3054
|
| 650 |
|
0 |
|a Feminism
|z Great Britain.
|9 4247
|
| 700 |
1 |
|
|a Humm, Maggie.
|9 4248
|
| 942 |
|
|
|2 ddc
|c BK
|
| 952 |
|
|
|0 0
|1 0
|2 ddc
|4 0
|6 305_420100000000000_MOD
|7 0
|9 24133
|a BRACUL
|b BRACUL
|c GEN
|d 2014-04-13
|l 3
|m 13
|o 305.4201 MOD
|p 3010017569
|r 2026-03-01
|s 2026-02-22
|t 1
|w 2014-04-13
|y BK
|x Transferred from ENH to Ayesha Abed library on 20/12/2023
|
| 952 |
|
|
|0 0
|1 0
|2 ddc
|4 0
|6 305_420100000000000_MOD
|7 0
|9 24314
|a BRACUL
|b BRACUL
|c GEN
|d 2014-05-14
|l 1
|m 3
|o 305.4201 MOD
|p 3010017650
|r 2025-11-22
|s 2025-11-06
|t 2
|w 2014-05-14
|y BK
|x Transferred from ENH to Ayesha Abed library on 20/12/2023
|